Ulice w Gdańsku według opisu - Statystyki

Ogólne statystyki
  • Ten quiz został rozwiązany 76 razy
  • Średni wynik to 12 z 20
Statystyki odpowiedzi
Opis Ulica % Poprawnych
Główna ulica łącząca Wrzeszcz z Sopotem Al. Grunwaldzka
92%
DW501 na odcinku od Śródmieścia do Kokoszek Al. Armii Krajowej
89%
Nowa aleja, jej patronem jest zamordowany prezydent Gdańska Al. Pawła Adamowicza
87%
Główna ulica Oruni Dolnej, nazwana na część Świętego Trakt św. Wojciecha
87%
Biegnie z Oliwy do Osowej Spacerowa
75%
Prowadzi z Wrzeszcza Górnego na Piecki-Migowo Jaśkowa Dolina
66%
Ulica przecinająca Żabiankę, prowadzi na Jelitkowo Pomorska
66%
Stoi przy niej najdłuższy z Falowców Obrońców Wybrzeża
64%
Główna ulica Zaspy-Rozstaje Al. Jana Pawła II
62%
Główna aleja łącząca Wrzeszcz z Brzeźnem Al. Gen. Józefa Hallera
61%
Przy tej znanej ulicy stoi Fontanna Neptuna i Ratusz Długi Targ
61%
Jest najdłuższa w całym mieście Kartuska
59%
Główna droga, prowadząca na lotnisko im. Lecha Wałęsy Juliusza Słowackiego
57%
Głowna arteria Przymorza, jeżdżą po niej tramwaje Chłopska
56%
Część DW501, łączy Śródmieście z Rudnikami Elbląska
54%
Przy tej ulicy stoi dworzec PKP Gdańsk Główny Podwale Grodzkie
52%
Główna ulica Ujeściska, prowadzi na Orunię Górną Al. Vaclava Havla
44%
DK89, łączy drogę S7 z portem (Westerplatte) Mjr. Henryka Sucharskiego
39%
Łączy Śródmieście z Wyspą Portową Siennicka
34%
Gdańska część głównej arterii komunikacyjnej Trójmiasta Al. Kazimierza Jagiellończyka
16%
Nie znaleziono quizów pasujących do podanych kryteriów
Rozkład punktacji
Procent ludzi z każdym wynikiem
Percentyl według liczby udzielonych odpowiedzi
Twoja historia wyników
Nie rozwiązałeś tego quizu